Statistiques concernant Groupes de kpop 2024

Cliquez ici pour prendre le quiz!

Statistiques générales

  • Ce quiz a été pris 173 fois
    (134 depuis la dernière actualisation)
  • Le résultat moyen est 58 sur 152

Statistiques - réponses

Réponse% Correct
Blackpink
95%
BTS
95%
Stray Kids
88%
Twice
88%
Ateez
86%
NewJeans
84%
Enhypen
82%
Le sserafim
82%
Seventeen
82%
Txt
82%
Aespa
78%
Exo
77%
Itzy
77%
Ive
77%
Nct 127
76%
(G)i-dle
74%
Babymonster
73%
Nct Dream
71%
Mamamoo
70%
Nmixx
69%
Bigbang
68%
Girl's Generation
67%
Red Velvet
67%
SHINee
67%
Astro
66%
Treasure
65%
Got7
64%
Ikon
64%
Monsta X
62%
The Boyz
62%
ZeroBaseOne
62%
Iz*one
59%
P1Harmony
59%
Riize
59%
Super Junior
59%
Dreamcatcher
57%
Illit
56%
Everglow
55%
2ne1
54%
Boynextdoor
54%
Fromis_9
54%
Kep1er
54%
2 pm
53%
Pentagon
53%
GFriend
52%
Loona
52%
StayC
52%
The Rose
52%
Kard
51%
Oneus
51%
Cravity
49%
Kiss Of Life
48%
WayV
48%
Momoland
47%
2 am
46%
Apink
45%
SuperM
45%
Day6
44%
Btob
43%
Purple Kiss
43%
Xikers
42%
SF9
41%
Aoa
40%
Clc
40%
Wonder Girls
40%
Billlie
38%
Oh My Girl
38%
Xdinary Heroes
37%
Cix
36%
Viviz
36%
Winner
36%
Block B
35%
Cherry Bullet
35%
H.O.T
35%
Weeekly
35%
Vcha
34%
Xg
34%
&team
33%
Fifty Fifty
33%
Victon
33%
4minute
32%
Exid
32%
Mcnd
32%
A.c.e
31%
F(x)
31%
Omega X
31%
Wanna One
31%
Black Swan
30%
Nct Wish
30%
Sistar
30%
Tvxq
30%
Epex
29%
Infinite
29%
Miss A
29%
Onewe
29%
Nu'est
27%
Vixx
27%
Ab6ix
26%
Brave Girls
25%
Class:y
25%
Golden Child
25%
ONF
25%
Just B
24%
Tri.be
24%
Rocket Punch
23%
TripleS
23%
Vav
23%
Weki Meki
23%
X1
22%
B.A.P
20%
Lightsum
20%
Tempest
20%
Nature
19%
N.Flying
18%
OnlyOneOf
18%
Pixy
18%
Gugudan
16%
Highlight
16%
Pristin
16%
Secret Number
16%
Brown Eyed Girls
15%
Noir
15%
TO1
15%
WEi
15%
E'last
14%
Knk
14%
Up10tion
14%
Blitzers
12%
Lapillus
12%
Verivery
11%
DKZ
10%
Cosmic Girls
9%
Dxmon
9%
The New Six
9%
All (H)ours
8%
DKB
8%
Dreamnote
8%
Epik High
8%
H1-KEY
7%
Unb
7%
1the9
5%
Luminous
5%
BBgirls
4%
Craxy
4%
Hot Issue
4%
1team
3%
Cupid
3%
Blank2y
2%
La Poem
2%
Pocket Girls
1%
Tst
1%
Prism
0%

Distribution des résultats

Percentile par nombre de réponses

% des personnes avec chaque résultat

Votre développement - résultats

Vous n’avez pas pris ce quiz depuis la dernière actualisation